| 000 | 01823cam a22004814i 4500 | ||
|---|---|---|---|
| 003 | PE-LiUPU | ||
| 005 | 20250731173109.0 | ||
| 008 | 111218s2018 nyu0 r0 001 0 eng d | ||
| 020 | _a9780190900397 | ||
| 035 | _a(Sirsi) a251027 | ||
| 040 |
_aPE-LiUPU _bspa _cPE-LiUPU _erda |
||
| 049 | _aPRUA | ||
| 082 | 0 | 4 |
_a297.2 _bI8 _223 |
| 245 | 0 | 0 |
_aIslam and politics around the world / _ceditores John L. Esposito y Emad ElDin Shahin. |
| 264 | 1 |
_aNew York : _bOxford University Press, _c2018. |
|
| 300 |
_a257 páginas ; _c21 centímetros |
||
| 336 |
_atext _2rdacontent |
||
| 337 |
_aunmediated _2rdamedia |
||
| 338 |
_avolume _2rdacarrier |
||
| 504 | _aÍndice : páginas 243-257. | ||
| 505 | 0 | _aIslam and politics in North America -- Islam and politics in Europe -- Islam and politics in the Middle East -- Islam and politics in Central Asia -- Islam and politics in South Asia -- Islam and politics in Southeast Asia -- Islam and politics in North Africa -- Islam and politics in Sub-Saharan Africa. | |
| 526 | _aSEG42 | ||
| 526 | _aSEG41 | ||
| 526 | _aSEG40 | ||
| 526 | _aSEG39 | ||
| 526 | _aP94 | ||
| 526 | _aP87 | ||
| 526 | _aP86 | ||
| 526 | _aP85 | ||
| 526 | _aP77 | ||
| 526 | _aP76 | ||
| 526 | _aP35 | ||
| 650 | 0 | 4 | _aIslam y política. |
| 650 | 0 | 7 |
_aIslam y política _2fast _0(OCoLC)fst00979879. |
| 700 | 1 |
_aEsposito, John L., _eeditor. |
|
| 700 | 1 |
_aShahin, Emad Eldin, _eeditor. |
|
| 910 |
_adbm _bksl _cksl _d20181211 |
||
| 942 |
_2ddc _cBOOK |
||
| 994 |
_aC0 _bPEPRU |
||
| 596 | _a1 | ||
| 999 |
_a297.2 I8 _wDEWEY _c30481 _i79582 _f2021-11-11 _g4 _lCCODEBUL1 _mBUL _p15.39 _r0 _sY _tBOOK _u2018-12-11 _xTEOLOGIA _PP85 _0DONACION _1FCOMPR2 _o.STAFF. Colección Teología _d30481 |
||
| 980 |
_81 _gALBERTO SANCHEZ Responsable de Automatización |
||